[Event "AUTO-OPEN-4568"]
[Site "http://www.queenalice.com/game.php?id=1859997"]
[Date "2025.7.17"]
[Round "2"]
[White "drup"]
[Black "delphicoracle"]
[Result "0-1"]
[WhiteElo "2363"]
[BlackElo "2662"]

1. e4 c5 2. Nf3 e6 3. c4 Nc6 4. Nc3 e5 5. d3 d6 6. Be2 g6 7. Nd5 Bg7 8. a3 Nge7
9. h3 O-O 10. O-O a5 11. Bg5 f6 12. Bd2 Bd7 13. b4 axb4 14. Nxe7+ Qxe7 15. axb4
cxb4 16. Rxa8 Rxa8 17. Qb3 Ra6 18. Rb1 Be6 19. Bxb4 Rb6 20. Qc3 f5 21. Nd2 f4
22. Bd1 Nxb4 23. Rxb4 Qc7 24. Bb3 Bf7 25. c5 Rxb4 26. Bxf7+ Kxf7 27. Qxb4 dxc5
28. Qb3+ Kf8 29. Nc4 Bf6 0-1

[Event "AUTO-OPEN-4568"]
[Site "http://www.queenalice.com/game.php?id=1859998"]
[Date "2025.7.17"]
[Round "2"]
[White "delphicoracle"]
[Black "drup"]
[Result "1-0"]
[WhiteElo "2664"]
[BlackElo "2360"]

1. d4 d5 2. c4 c6 3. e3 Nf6 4. Nc3 Bf5 5. Nf3 e6 6. Nh4 Bg6 7. Nxg6 hxg6 8. Bd2
Nbd7 9. Qc2 Be7 10. h3 O-O 11. Rc1 Rc8 12. c5 Re8 13. Be2 e5 14. O-O exd4 15.
exd4 Nf8 16. b4 Ne6 17. Be3 Nd7 18. Bd3 Bg5 19. b5 f5 20. Bxg5 Qxg5 21. Ne2 Qh4
22. bxc6 bxc6 23. Qc3 Nf6 24. Rb1 Rc7 25. Rb2 Rce7 26. Rfb1 Ng5 27. Rb8 1-0

[Event "AUTO-MASTER-3254"]
[Site "http://www.queenalice.com/game.php?id=1861205"]
[Date "2025.8.6"]
[Round "2"]
[White "beteljeuxe"]
[Black "drup"]
[Result "1-0"]
[WhiteElo "2558"]
[BlackElo "2351"]

1. e4 e6 2. d4 d5 3. Nc3 Bb4 4. e5 Ne7 5. a3 Bxc3+ 6. bxc3 O-O 7. Bd3 c5 8. Qh5
Ng6 9. Nf3 Qc7 10. Ng5 h6 11. Nxf7 Qxf7 12. Qxg6 Qxg6 13. Bxg6 b6 14. dxc5 bxc5
15. Be3 Nd7 16. f4 Ba6 17. g3 Rac8 18. a4 Nb6 19. a5 Nc4 20. Bf2 Bb5 21. h4 a6
22. O-O Rc7 23. Rfd1 Nb2 24. Rdb1 Nc4 25. Rd1 Be8 26. h5 Bd7 27. Kg2 Be8 28. Bg1
1-0

[Event "AUTO-MASTER-3254"]
[Site "http://www.queenalice.com/game.php?id=1861206"]
[Date "2025.8.6"]
[Round "2"]
[White "drup"]
[Black "beteljeuxe"]
[Result "0-1"]
[WhiteElo "2357"]
[BlackElo "2554"]

1. e4 e5 2. Nf3 Nc6 3. Bb5 a6 4. Ba4 Nf6 5. O-O Be7 6. Re1 b5 7. Bb3 O-O 8. d4
d6 9. c3 Bg4 10. Be3 exd4 11. cxd4 Na5 12. Bc2 c5 13. h3 Bh5 14. g4 Bg6 15. Nbd2
Re8 16. d5 Nd7 17. Rc1 Bf6 18. b3 Bb2 19. Rb1 Bc3 20. Re2 Nf6 21. Bg5 h6 22. Bh4
Qd7 23. Re3 Bd4 24. Re1 Bc3 25. Re3 Bd4 26. Re2 Bc3 27. Ne1 c4 28. Bxf6 Bxf6 0-1

[Event "AUTO-MASTER-3254"]
[Site "http://www.queenalice.com/game.php?id=1861207"]
[Date "2025.8.6"]
[Round "2"]
[White "Pin"]
[Black "drup"]
[Result "0-1"]
[WhiteElo "2004"]
[BlackElo "2325"]

1. d4 g6 2. Nf3 Bg7 3. Bf4 e6 4. e4 d6 5. Bc4 Ne7 6. Nc3 O-O 7. O-O a6 8. Qe2 b5
9. Bb3 Bb7 10. Rad1 Nd7 11. Rfe1 Nc6 12. a4 b4 13. Nb1 Nxd4 14. Nxd4 e5 15. Bg5
Qxg5 16. Nf3 Qe7 17. Nbd2 Nc5 18. Bd5 Bxd5 19. exd5 e4 20. Nxe4 Rfe8 21. Nfd2
Bxb2 22. a5 f5 23. Nxc5 Qxe2 24. Rxe2 Rxe2 25. Ne6 Bc3 26. Nb1 Rxc2 27. Nxc3
Rxc3 28. g3 b3 29. Rb1 Rb8 30. Nxc7 Rxc7 0-1

[Event "AUTO-MASTER-3254"]
[Site "http://www.queenalice.com/game.php?id=1861208"]
[Date "2025.8.6"]
[Round "2"]
[White "drup"]
[Black "Pin"]
[Result "1-0"]
[WhiteElo "2323"]
[BlackElo "1980"]

1. e4 c5 2. Nf3 d6 3. d4 cxd4 4. Nxd4 Nf6 5. Nc3 a6 6. Bd3 g6 7. O-O Bg7 8. h3
O-O 9. Re1 Nbd7 10. Bg5 Ne5 11. Bf1 Qc7 12. Bxf6 Bxf6 13. Nd5 Qd8 14. Nxf6+ exf6
15. Qd2 f5 16. exf5 gxf5 17. Rad1 Qf6 18. Ne2 Rd8 19. Ng3 f4 20. Ne4 Qh6 21.
Nxd6 Qg7 22. Qd5 Rb8 23. Rxe5 h6 24. Re8+ Rxe8 25. Nxe8 Qg6 26. Qe5 Ra8 27. Rd8
1-0

[Event "AUTO-MASTER-3246"]
[Site "http://www.queenalice.com/game.php?id=1861427"]
[Date "2025.8.11"]
[Round "2"]
[White "CCapivara"]
[Black "drup"]
[Result "0-1"]
[WhiteElo "2224"]
[BlackElo "2327"]

1. e4 e6 2. d4 d5 3. exd5 exd5 4. Nf3 Nf6 5. Bd3 Be7 6. O-O O-O 7. c3 c5 8. dxc5
Bxc5 9. Bg5 h6 10. Bh4 Nc6 11. Nbd2 Re8 12. Re1 Rxe1+ 13. Qxe1 Bg4 14. Ne5 Nxe5
15. Qxe5 g5 16. Bg3 Qb6 17. Nb3 Re8 18. Qc7 Bxf2+ 19. Kh1 Ne4 20. Bxe4 dxe4 21.
Qc4 Bh5 22. Rf1 e3 23. Nd4 Qxb2 24. Bxf2 exf2 25. h3 Re1 26. Kh2 Qd2 27. Qc8+
Kg7 28. Nf5+ Kh7 29. Qc4 Rxf1 30. Qxf1 Qe1 31. Ng3 Bg6 32. c4 h5 0-1

[Event "AUTO-MASTER-3246"]
[Site "http://www.queenalice.com/game.php?id=1861428"]
[Date "2025.8.11"]
[Round "2"]
[White "drup"]
[Black "CCapivara"]
[Result "1-0"]
[WhiteElo "2311"]
[BlackElo "2300"]

1. e4 d6 2. d4 Nf6 3. Nc3 c6 4. Nf3 Bg4 5. h3 Bh5 6. g4 Bg6 7. Bd3 Nbd7 8. g5
Nh5 9. h4 e5 10. Be3 Be7 11. dxe5 dxe5 12. Be2 O-O 13. Nd2 Nf4 14. Bxf4 exf4 15.
h5 Bxg5 16. hxg6 fxg6 17. Bc4+ Kh8 18. Nf3 Bf6 19. Qd6 Ne5 20. Nxe5 Qxd6 21.
Nxg6# 1-0

[Event "AUTO-ELITE-2617"]
[Site "http://www.queenalice.com/game.php?id=1871214"]
[Date "2026.3.29"]
[Round "1"]
[White "JailtonMaster"]
[Black "drup"]
[Result "1-0"]
[WhiteElo "2189"]
[BlackElo "2331"]

1. d4 d5 2. c4 Nf6 3. Nc3 g6 4. Nf3 Bg7 5. cxd5 Nxd5 6. e4 Nb6 7. Be2 Bg4 8. Be3
O-O 9. b3 c5 10. Rc1 cxd4 11. Nxd4 Bxe2 12. Ncxe2 N8d7 13. O-O Rc8 14. Qd3 Ne5
15. Qb5 Qd6 16. Rcd1 Ng4 17. Bf4 e5 18. Nf5 Qc6 19. Ne7+ 1-0

[Event "AUTO-ELITE-2617"]
[Site "http://www.queenalice.com/game.php?id=1871215"]
[Date "2026.3.29"]
[Round "1"]
[White "drup"]
[Black "JailtonMaster"]
[Result "1-0"]
[WhiteElo "2315"]
[BlackElo "2206"]

1. e4 e5 2. Nf3 Nc6 3. Bb5 a6 4. Ba4 Nf6 5. O-O Be7 6. d3 b5 7. Bb3 O-O 8. Nbd2
d5 9. h3 Bb7 10. exd5 Nxd5 11. Re1 f6 12. a3 Na5 13. Ba2 c5 14. Ne4 Qc7 15. b4
cxb4 16. axb4 Bxb4 17. Bd2 Bxd2 18. Qxd2 Kh8 19. Bxd5 Bxd5 20. Rxa5 Rfc8 21. c4
bxc4 22. Rxd5 1-0